00711cam a22002173a 450000100060000000300060000600500170001200800410002904000150007004200070008505000070009210000290009924501380012826000290026650600300029551600200032565300320034565300450037783000290042285600420045120472PGUSA20140828083431.0070128s2007||||xxu|||||s|||||000 1 eng d aPGUSAbeng adc 4aPZ1 aChase, Josephine,d-193110aGrace Harlowe's Plebe Year at High School :bThe Merry Doings of the Oakdale Freshmen Girlsh[electronic resource] /cJosephine Chase bProject Gutenberg,c2007 aPublic domain in the USA. aElectronic text aSchools -- Juvenile fiction aHigh school students -- Juvenile fiction 0aProject Gutenbergv2047240uhttp://www.gutenberg.org/ebooks/20472